书目信息 |
| 题名: |
我们何以成为后人类
|
|
| 作者: | 海勒 著 ;刘宇清 译 | |
| 分册: | ||
| 出版信息: | 北京 北京大学出版社 2017 |
|
| 页数: | 460页 | |
| 开本: | 23cm | |
| 丛书名: | 文化理论译丛 | |
| 单 册: | ||
| 中图分类: | I712.074 | |
| 科图分类: | ||
| 主题词: | 小说研究--美国--现代 | |
| 电子资源: | ||
| ISBN: | 978-7-301-28076-8 | |
| 000 | 01189oam2 2200265 450 | |
| 001 | 3618 | |
| 005 | 20180527171625.00 | |
| 010 | @a978-7-301-28076-8@dCNY59.00 | |
| 100 | @a20171018d2017 em y0chiy50 ea | |
| 101 | 1 | @achi@ceng |
| 102 | @aCN@b110000 | |
| 105 | @ay z 000yy | |
| 200 | 1 | @a我们何以成为后人类@9wo men he yi cheng wei hou ren lei@e文学、信息科学和控制论中的虚拟身体@dHow we became posthuman@evirtual bodies in cybernetics, literature, and informatics@f(美)凯瑟琳·海勒(N. Katherine Hayles)著@g刘宇清译@zeng |
| 210 | @a北京@c北京大学出版社@d2017 | |
| 215 | @a460页@d23cm | |
| 225 | 1 | @a文化理论译丛@f汪民安主编 |
| 330 | @a本书共分十一章,内容包括:不断具体化的虚拟性、虚拟的身体与闪烁的能指、围绕信息实体的争论:关于控制论的梅西会议、信息论的物质性、人工生命的叙事、虚拟性的符号学:描摹后人类等。 | |
| 461 | 0 | @12001 @a文化理论译丛 |
| 510 | 1 | @aHow we became posthuman@evirtual bodies in cybernetics, literature, and informatics@zeng |
| 606 | 0 | @a小说研究@y美国@z现代 |
| 690 | @aI712.074@v5 | |
| 701 | 0 | @c(美)@a海勒@9hai le@c(Hayles, N. Katherine)@4著 |
| 702 | 0 | @a刘宇清@9liu yu qing@4译 |
| 801 | 0 | @aCN@b91MARC@c20171018 |
| 905 | @aMuseLib@dI712.074@e1066 | |
| 我们何以成为后人类:文学、信息科学和控制论中的虚拟身体=How we became posthuman:virtual bodies in cybernetics, literature, and informatics/(美)凯瑟琳·海勒(N. Katherine Hayles)著/刘宇清译.-北京:北京大学出版社,2017 |
| 460页;23cm.-(文化理论译丛/汪民安主编) |
| ISBN 978-7-301-28076-8:CNY59.00 |
| 本书共分十一章,内容包括:不断具体化的虚拟性、虚拟的身体与闪烁的能指、围绕信息实体的争论:关于控制论的梅西会议、信息论的物质性、人工生命的叙事、虚拟性的符号学:描摹后人类等。 |
| ● |
| 相关链接 |
|
|
|
|
正题名:我们何以成为后人类
索取号:I712.074/1066
 
预约/预借
| 序号 | 登录号 | 条形码 | 馆藏地/架位号 | 状态 | 备注 |
| 1 | 1109928 | 211099283 | 第一样本阅览室/ [索取号:I712.074/1066] | 在馆 | |
| 2 | 1109929 | 211099292 | 教育系资料室/ [索取号:I712.074/1066] | 在馆 | |
| 3 | 1109930 | 211099309 | 教育系资料室/ [索取号:I712.074/1066] | 在馆 | |
| 4 | 1109931 | 211099318 | 第二借阅区/ [索取号:I712.074/1066] | 在馆 |